| 000 | 00380nam a22001337a 4500 | ||
|---|---|---|---|
| 082 |
_aP-193 _bP-193 |
||
| 100 |
_aJehanzeb Chatha Syndicate No 4 _948226 |
||
| 245 |
_aComputer aided analysis of prestressed concrete beams _cJehanzeb Chattha, Adeel Haider |
||
| 300 | _a196 P, : | ||
| 526 |
_a0 _b0 _c0 _dP_193_P193 |
||
| 650 | _aProject | ||
| 700 |
_aTariq _948115 |
||
| 942 |
_2ddc _cBK |
||
| 999 |
_c551228 _d551228 |
||